<?xml version="1.0" encoding="UTF-8"?>
<record
    xmlns:xsi="http://www.w3.org/2001/XMLSchema-instance"
    xsi:schemaLocation="http://www.loc.gov/MARC21/slim http://www.loc.gov/standards/marcxml/schema/MARC21slim.xsd"
    xmlns="http://www.loc.gov/MARC21/slim">

  <leader>01879nem a2200409   4500</leader>
  <controlfield tag="001">RU\NLR\DIGIT\30410</controlfield>
  <controlfield tag="005">20190429182736.0</controlfield>
  <datafield tag="035" ind1=" " ind2=" ">
    <subfield code="a">(NLR Aleph) 010124364</subfield>
  </datafield>
  <datafield tag="090" ind1=" " ind2=" ">
    <subfield code="a">10010325</subfield>
    <subfield code="c">10010325</subfield>
  </datafield>
  <datafield tag="100" ind1=" " ind2=" ">
    <subfield code="a">20060125f1776    m  y0rusy50      ca</subfield>
  </datafield>
  <datafield tag="101" ind1="0" ind2=" ">
    <subfield code="a">rus</subfield>
  </datafield>
  <datafield tag="102" ind1=" " ind2=" ">
    <subfield code="a">RU</subfield>
  </datafield>
  <datafield tag="120" ind1=" " ind2=" ">
    <subfield code="a">ayy    xx||  </subfield>
  </datafield>
  <datafield tag="123" ind1="1" ind2=" ">
    <subfield code="a">&#x430;</subfield>
    <subfield code="b">5000000</subfield>
  </datafield>
  <datafield tag="135" ind1=" " ind2=" ">
    <subfield code="a">crcn 024apabr</subfield>
  </datafield>
  <datafield tag="200" ind1="1" ind2=" ">
    <subfield code="a">&#x41A;&#x430;&#x440;&#x442;&#x430; &#x41A;&#x430;&#x441;&#x43F;&#x438;&#x439;&#x441;&#x43A;&#x430;&#x433;&#x43E; &#x43C;&#x43E;&#x440;&#x44F; &#x438;&#x437; &#x43D;&#x43E;&#x432;&#x435;&#x439;&#x448;&#x438;&#x445; &#x438;&#x437;&#x432;&#x44A;&#x441;&#x442;&#x438;&#x439; &#x441;&#x43E;&#x431;&#x440;&#x430;&#x43D;&#x43D;&#x430;&#x44F; &#x432; 1776 &#x433;&#x43E;&#x434;&#x443;</subfield>
    <subfield code="b">&#x41A;&#x430;&#x440;&#x442;&#x44B;</subfield>
    <subfield code="g">&#x432;&#x44B;&#x440;. &#x421;. &#x41C;&#x430;&#x43A;&#x441;&#x438;&#x43C;&#x43E;&#x432;</subfield>
  </datafield>
  <datafield tag="206" ind1=" " ind2=" ">
    <subfield code="a">&#x43E;&#x43A;. 1:5 000 000, 120 &#x432;&#x451;&#x440;&#x441;&#x442; &#x432; 1 &#x434;&#x44E;&#x439;&#x43C;&#x435; (50 &#x43A;&#x43C; &#x432; 1 &#x441;&#x43C;)</subfield>
  </datafield>
  <datafield tag="210" ind1=" " ind2=" ">
    <subfield code="a">[&#x421;&#x430;&#x43D;&#x43A;&#x442;-&#x41F;&#x435;&#x442;&#x435;&#x440;&#x431;&#x443;&#x440;&#x433;</subfield>
    <subfield code="c">&#x413;&#x435;&#x43E;&#x433;&#x440;&#x430;&#x444;&#x438;&#x447;&#x435;&#x441;&#x43A;&#x438;&#x439; &#x434;&#x435;&#x43F;&#x430;&#x440;&#x442;&#x430;&#x43C;&#x435;&#x43D;&#x442; &#x410;&#x43A;&#x430;&#x434;&#x435;&#x43C;&#x438;&#x438; &#x43D;&#x430;&#x443;&#x43A;]</subfield>
    <subfield code="d">1776</subfield>
  </datafield>
  <datafield tag="215" ind1=" " ind2=" ">
    <subfield code="a">1 &#x43A;</subfield>
    <subfield code="c">&#x433;&#x440;&#x430;&#x432;.</subfield>
    <subfield code="d">24,5&#x445;14,5 (34,5&#x445;25,5) &#x441;&#x43C;</subfield>
  </datafield>
  <datafield tag="325" ind1=" " ind2=" ">
    <subfield code="a">&#x41A;&#x43E;&#x43F;&#x438;&#x44F; &#x434;&#x43E;&#x441;&#x442;&#x443;&#x43F;&#x43D;&#x430; &#x432; &#x42D;&#x43B;&#x435;&#x43A;&#x442;&#x440;&#x43E;&#x43D;. &#x431;-&#x43A;&#x435; &#x420;&#x41D;&#x411; http://vivaldi.nlr.ru/cm000000330/view</subfield>
  </datafield>
  <datafield tag="509" ind1="0" ind2="1">
    <subfield code="a">&#x41A;&#x430;&#x441;&#x43F;&#x438;&#x439;&#x441;&#x43A;&#x43E;&#x435; &#x43C;&#x43E;&#x440;&#x435;</subfield>
    <subfield code="3">RU\NLR\auth_crt\551818</subfield>
  </datafield>
  <datafield tag="518" ind1="1" ind2=" ">
    <subfield code="a">&#x41A;&#x430;&#x440;&#x442;&#x430; &#x41A;&#x430;&#x441;&#x43F;&#x438;&#x439;&#x441;&#x43A;&#x43E;&#x433;&#x43E; &#x43C;&#x43E;&#x440;&#x44F; &#x438;&#x437; &#x43D;&#x43E;&#x432;&#x435;&#x439;&#x448;&#x438;&#x445; &#x438;&#x437;&#x432;&#x44A;&#x441;&#x442;&#x438;&#x439; &#x441;&#x43E;&#x431;&#x440;&#x430;&#x43D;&#x43D;&#x430;&#x44F; &#x432; 1776 &#x433;&#x43E;&#x434;&#x443;</subfield>
  </datafield>
  <datafield tag="607" ind1=" " ind2=" ">
    <subfield code="a">&#x41A;&#x430;&#x441;&#x43F;&#x438;&#x439;&#x441;&#x43A;&#x43E;&#x435; &#x43C;&#x43E;&#x440;&#x435;</subfield>
    <subfield code="j">&#x41A;&#x430;&#x440;&#x442;&#x44B;</subfield>
    <subfield code="2">nlr_sh1</subfield>
    <subfield code="2">nlr_sh2</subfield>
    <subfield code="3">RU\NLR\AUTH\66132780</subfield>
  </datafield>
  <datafield tag="608" ind1=" " ind2=" ">
    <subfield code="a">&#x41C;&#x43E;&#x440;&#x441;&#x43A;&#x438;&#x435; &#x43A;&#x430;&#x440;&#x442;&#x44B;</subfield>
    <subfield code="2">nlr_sh1</subfield>
    <subfield code="3">RU\NLR\AUTH\6682249</subfield>
  </datafield>
  <datafield tag="702" ind1=" " ind2="1">
    <subfield code="a">&#x41C;&#x430;&#x43A;&#x441;&#x438;&#x43C;&#x43E;&#x432;,</subfield>
    <subfield code="b">&#x421;.</subfield>
    <subfield code="g">&#x421;&#x435;&#x43C;&#x451;&#x43D;</subfield>
    <subfield code="4">350</subfield>
  </datafield>
  <datafield tag="801" ind1=" " ind2="2">
    <subfield code="a">RU</subfield>
    <subfield code="b">NLR</subfield>
    <subfield code="c">20070626</subfield>
    <subfield code="2">rusmarc</subfield>
  </datafield>
  <datafield tag="852" ind1=" " ind2=" ">
    <subfield code="a">NLR</subfield>
    <subfield code="b">&#x41A;</subfield>
    <subfield code="j">1-&#x41A;&#x430;&#x441;&#x43F; 1/5</subfield>
  </datafield>
  <datafield tag="856" ind1=" " ind2="0">
    <subfield code="u">http://vivaldi.nlr.ru/cm000000330/view</subfield>
  </datafield>
  <datafield tag="856" ind1=" " ind2="1">
    <subfield code="u">http://vivaldi.nlr.ru/cm000000330/cover</subfield>
  </datafield>
  <datafield tag="856" ind1=" " ind2="2">
    <subfield code="u">http://vivaldi.nlr.ru/cm000000330/text</subfield>
  </datafield>
  <datafield tag="942" ind1=" " ind2=" ">
    <subfield code="c">MAP</subfield>
  </datafield>
  <datafield tag="980" ind1=" " ind2=" ">
    <subfield code="a">CRT_CCRP18</subfield>
  </datafield>
  <datafield tag="980" ind1=" " ind2=" ">
    <subfield code="a">NB</subfield>
  </datafield>
  <datafield tag="981" ind1="3" ind2="6">
    <subfield code="a">(36) &#x426;&#x438;&#x444;&#x440;&#x43E;&#x432;&#x43E;&#x439; &#x440;&#x435;&#x43F;&#x43E;&#x437;&#x438;&#x442;&#x43E;&#x440;&#x438;&#x439; &#x420;&#x41D;&#x411;</subfield>
  </datafield>
  <datafield tag="981" ind1="1" ind2="9">
    <subfield code="a">(19) &#x41A;&#x430;&#x440;&#x442;&#x43E;&#x433;&#x440;&#x430;&#x444;&#x438;&#x447;&#x435;&#x441;&#x43A;&#x438;&#x435; &#x43C;&#x430;&#x442;&#x435;&#x440;&#x438;&#x430;&#x43B;&#x44B;</subfield>
  </datafield>
</record>
